00320cam a22001097a 4500008004000000082001600040100002200056245006200078260002800140300001000168650003200178180718b1908 xxu||||| |||| 00| 0 eng d aB73x73 G624 aGoodnow, Frank J. aCity government in the United Statescby Frank J. Goodnow aNew YorkbCenturyc1908 a315p. aMunicipal Government - USA.